THE BINDER OF DOOM : (Record no. 181821)

MARC details
000 -LEADER
fixed length control field 01375nam a22002891i 4500
005 - DATE AND TIME OF LATEST TRANSACTION
control field 20210204182432.0
008 - FIXED-LENGTH DATA ELEMENTS--GENERAL INFORMATION
fixed length control field 210204t2019 nyua|||j ||| 000 1 eng d
020 ## - INTERNATIONAL STANDARD BOOK NUMBER
International Standard Book Number 9781338314694
Terms of availability RM 29.88
Qualifying information paperback
040 ## - CATALOGING SOURCE
Original cataloging agency PPAK
Language of cataloging eng
Transcribing agency PPAK
Description conventions rda
082 04 - DEWEY DECIMAL CLASSIFICATION NUMBER
Edition number 23
Classification number 813.6
090 00 - LOCALLY ASSIGNED LC-TYPE CALL NUMBER (OCLC); LOCAL CALL NUMBER (RLIN)
Classification number (OCLC) (R) ; Classification number, CALL (RLIN) (NR) 813.6
Feature heading CUM
Feature heading K
100 1# - MAIN ENTRY--PERSONAL NAME
Personal name Cummings, Troy,
Relator term author.
245 14 - TITLE STATEMENT
Title THE BINDER OF DOOM :
Remainder of title BOA CONSTRUCTION /
Statement of responsibility, etc. by Troy Cummings
264 #1 - PRODUCTION, PUBLICATION, DISTRIBUTION, MANUFACTURE, AND COPYRIGHT NOTICE
Place of production, publication, distribution, manufacture New York, NY :
Name of producer, publisher, distributor, manufacturer Branches/Scholastic Inc.,
Date of production, publication, distribution, manufacture, or copyright notice 2019.
Date of production, publication, distribution, manufacture, or copyright notice ©2019
300 ## - PHYSICAL DESCRIPTION
Extent 90 pages :
Other physical details illustrations ;
Dimensions 20 cm.
336 ## - CONTENT TYPE
Source rdacontent
Content type term text
337 ## - MEDIA TYPE
Source rdamedia
Media type term unmediated
338 ## - CARRIER TYPE
Source rdacarrier
Carrier type term volume
490 1# - SERIES STATEMENT
Series statement THE BINDER OF DOOM
Volume/sequential designation 2
520 ## - SUMMARY, ETC.
Summary, etc. Something is stealing machine parts from all over Stermont, including a wrecking ball from a local construction site, and Alexander and his fellow monster hunters, Rip, and Nikki, fear that it is building a Stermont-smashing machine--so the friends must use the resources of the summer maker program at the library to stop this monster, and perhaps even solve the mystery of who is leaving monster trading cards where the Super Secret Monster Patrol can find them.
650 10 - SUBJECT ADDED ENTRY--TOPICAL TERM
Topical term or geographic name entry element Monsters
Form subdivision Juvenile fiction.
Topical term or geographic name entry element Construction equipment
Form subdivision Juvenile fiction.
Topical term or geographic name entry element Children's stories.
830 #0 - SERIES ADDED ENTRY--UNIFORM TITLE
Uniform title The Binder of Doom
Volume/sequential designation 2
942 ## - ADDED ENTRY ELEMENTS (KOHA)
Source of classification or shelving scheme Dewey Decimal Classification
Koha item type Book
Holdings
Withdrawn Not for loan Current library Shelving location Date acquired Full call number Barcode Date last seen Koha item type
    Perpustakaan Alor Setar Pinjaman Kanak-kanak 18/02/2021 K 813.6 CUM A01675082 18/02/2021 Book